000 00437nam a2200169Ia 4500
005 20230330102249.0
008 131103s9999 xx 000 0 und d
040 _aLoreto College
041 _aEnglish
082 _a822.91
_bSYN-COR
100 _aCorkery,Daniel
245 _aSynge and Anglo - Irish literature
_cDaniel Corkery
260 _aCork
_bThe Mercier Press
_c1966
300 _a[4],243 p.
850 _aLCLIB
942 _cBK
999 _c4447
_d54926